Statistics for Toronto Subway Stations

Click here to take the quiz!

General Stats

  • This quiz has been taken 13 times
    (10 since last reset)
  • The average score is 67 of 147

Answer Stats

LineStation% Correct
Yonge-UniversityKing
100%
Ontario | Yonge-UniversityQueen
100%
Yonge-UniversityUnion
100%
Yonge-UniversityDundas
90%
Eglinton | Yonge-UniversityEglinton
90%
Eglinton | Yonge-UniversityEglinton West
80%
Yonge-UniversityFinch
80%
Bloor-DanforthKipling
80%
Bloor-Danforth | Yonge-UniversitySpadina
80%
Yonge-UniversitySt Clair
80%
Bloor-Danforth | Yonge-UniversityBloor-Yonge
70%
Bloor-DanforthHigh Park
70%
Yonge-UniversityLawrence
70%
Yonge-UniversityLawrence West
70%
Yonge-UniversityMuseum
70%
Yonge-UniversitySt Andrew
70%
Yonge-UniversitySt Clair West
70%
Bloor-Danforth | Yonge-UniversitySt George
70%
Bloor-DanforthBathurst
60%
Bloor-DanforthBay
60%
SheppardBayview
60%
Yonge-UniversityCollege
60%
Finch West | Yonge-UniversityFinch West
60%
Bloor-Danforth | EglintonKennedy
60%
SheppardLeslie
60%
Yonge-UniversityNorth York Centre
60%
Bloor-DanforthOld Mill
60%
Ontario | Yonge-UniversityOsgoode
60%
Yonge-UniversityQueen's Park
60%
Yonge-UniversityRosedale
60%
Yonge-UniversitySheppard West
60%
Yonge-UniversityVaughan
60%
Bloor-DanforthWarden
60%
Yonge-UniversityWilson
60%
Yonge-UniversityYorkdale
60%
Yonge-UniversityYork University
60%
SheppardBessarion
50%
Bloor-DanforthCastle Frank
50%
Bloor-DanforthChristie
50%
SheppardDon Mills
50%
Yonge-UniversityDownsview Park
50%
Bloor-DanforthDundas West
50%
Yonge-UniversityDupont
50%
EglintonHakimi Lebovic
50%
Bloor-DanforthIslington
50%
Bloor-DanforthJane
50%
EglintonLeaside
50%
Bloor-DanforthOssington
50%
EglintonPharmacy
50%
Bloor-DanforthRoyal York
50%
Bloor-DanforthRunnymede
50%
Eglinton | OntarioScience Centre
50%
Sheppard | Yonge-UniversitySheppard-Yonge
50%
Bloor-DanforthSherbourne
50%
Yonge-UniversitySteeles
50%
Yonge-UniversitySt Patrick
50%
Yonge-UniversitySummerhill
50%
Bloor-DanforthVictoria Park
50%
Yonge-UniversityYork Mills
50%
EglintonBirchmount
40%
Bloor-DanforthBroadview
40%
EglintonCaledonia
40%
Bloor-DanforthChester
40%
Bloor-DanforthCoxwell
40%
Yonge-UniversityDavisville
40%
Bloor-DanforthDufferin
40%
OntarioExhibition
40%
Yonge-UniversityGlencairn
40%
Bloor-DanforthGreenwood
40%
Yonge-UniversityHighway 407
40%
EglintonIonview
40%
Bloor-DanforthLansdowne
40%
Bloor-DanforthLawrence East
40%
Bloor-DanforthMain Street
40%
OntarioMoss Park
40%
EglintonMount Dennis
40%
EglintonMount Pleasant
40%
Bloor-Danforth | OntarioPape
40%
Yonge-UniversityPioneer Village
40%
Bloor-DanforthScarborough Centre
40%
EglintonSunnybrook Park
40%
Yonge-UniversityWellesley
40%
EglintonAvenue
30%
Yonge-UniversityBridge
30%
EglintonChaplin
30%
OntarioCorktown
30%
OntarioCosburn
30%
Bloor-DanforthDonlands
30%
OntarioEast Harbour
30%
EglintonFairbank
30%
EglintonForest Hill
30%
OntarioGerrard
30%
EglintonGolden Mile
30%
Yonge-UniversityHigh tech
30%
Finch WestHumber College
30%
EglintonIslington North
30%
Finch WestJane and Finch
30%
EglintonJane North
30%
Bloor-DanforthKeele
30%
EglintonKeelesdale
30%
OntarioKing-Bathurst
30%
EglintonKipling North
30%
EglintonLaird
30%
Finch WestMartin Grove
30%
EglintonOakwood
30%
OntarioQueen-Spadina
30%
EglintonRenforth
30%
OntarioRiverside-Leslieville
30%
Yonge-UniversityRoyal Orchard
30%
EglintonRoyal York North
30%
EglintonSloane
30%
OntarioThorncliffe Park
30%
Bloor-DanforthWoodbine
30%
EglintonWynford
30%
EglintonAga Khan Park and Museum
20%
Finch WestAlbion
20%
Yonge-UniversityClark
20%
Finch WestDriftwood
20%
Finch WestDuncanwoods
20%
Finch WestEmery
20%
OntarioFlemingdon Park
20%
EglintonMartin Grove South
20%
EglintonO'Connor
20%
Finch WestPearldale
20%
EglintonScarlett
20%
Finch WestSentinel
20%
Bloor-DanforthSheppard and McCowan
20%
Finch WestSignet Arrow
20%
Finch WestTobermory
20%
Finch WestMilvan Rumike
10%
Finch WestMount Olive
10%
Finch WestNorfinch Oakdale
10%
Finch WestRowntree Mills
10%
Finch WestStevenson
10%
Finch WestWestmoore
10%

Score Distribution

Percentile by Number Answered

Percent of People with Each Score

Your Score History

You have not taken this quiz since the last reset